Cyclisme: Victoires d’étape au Tour de France par nation - Statistiques

Statistiques générales
  • Ce quiz a été pris 1 775 fois
    884 depuis la dernière actualisation
  • Le résultat moyen est 26 sur 35
Statistiques - réponses
Étapes Pays Dernière Victoire % Correct
717 France 2025
100%
504 Belgique 2025
99%
132 Espagne 2023
99%
271 Italie 2025
98%
79 Royaume-Uni 2025
97%
27 Slovénie 2025
95%
20 États-Unis 2021
93%
186 Pays-Bas 2025
93%
90 Allemagne 2021
91%
29 Danemark 2024
88%
22 Colombie 2020
87%
12 Portugal 2013
86%
60 Suisse 2020
86%
7 Russie 2016
85%
3 Canada 2023
83%
20 Norvège 2025
82%
41 Australie 2025
81%
13 Slovaquie 2019
78%
1 Suède 1998
78%
15 Irlande 2025
77%
7 Pologne 2023
77%
71 Luxembourg 2022
76%
6 Autriche 2023
70%
3 Érythrée 2024
68%
1 Équateur 2024
66%
2 Mexique 1990
63%
2 Afrique du Sud 2019
56%
1 Brésil 1991
53%
3 République Tchèque 2015
50%
4 Ukraine 2006
49%
4 Estonie 2004
46%
6 Kazakhstan 2020
46%
2 Lettonie 1994
45%
1 Lituanie 2014
43%
7 Ouzbékistan 1996
17%
Aucun quiz correspondant
Distribution des résultats
% des personnes avec chaque résultat
Percentile par nombre de réponses
Votre historique - résultats
Vous n’avez pas pris ce quiz depuis la dernière actualisation